| 000 | 00717nam a2200217Ii 4500 | ||
|---|---|---|---|
| 003 | JO-AjNU | ||
| 008 | 230605s9999||||xx |||||||||||||| ||und|| | ||
| 040 |
_aJO-AjNU _bara _erda _cJO-AjNU |
||
| 041 | _aara | ||
| 050 | 1 | 4 | _aBL2441.3.S26.2004 |
| 100 | 3 |
_aالسقاف، أبكار, _eauthor _936279 |
|
| 245 | 0 | 0 | _aالدين في مصر والعصور القديمة وعند العبريين |
| 250 | _aط1 | ||
| 264 | 3 | 1 | _aبيروت:دار الانتشار العربي ،2004 |
| 300 | _a208ص | ||
| 336 |
_atext _btxt _2rdacontent |
||
| 337 |
_aunmediated _bn _2rdamedia |
||
| 338 |
_avolume _bnc _2rdacarrier |
||
| 490 | 0 | _aنحو آفاق اوسع 1 | |
| 650 | 4 |
_aالديانات-مصر-تاريخ _936280 |
|
| 999 |
_aA15058 _c18626 _d18626 |
||